| 000 | 00646nam a2200193 i 4500 | ||
|---|---|---|---|
| 001 | 35837 | ||
| 003 | ES-MaACL | ||
| 005 | 20250816070623.0 | ||
| 007 | t| | ||
| 008 | 030214s1963 sp ||||1| spa d | ||
| 100 | 1 |
_aBoulle, André. _930921 |
|
| 245 | 1 | 0 |
_aSu carrera de la A a la Z / _cAndré Boulle ; revisión de Vicente Ruiz de Villa Colduch ; [traductor: Guillermo Lledó Vila]. |
| 260 |
_aBarcelona : _bSagitario, _c[1963] |
||
| 300 |
_a252 p., 3 lám. : _bil. ; _c19 cm. |
||
| 700 | 1 |
_aRuiz de Villa Colduch, Vicente. _9100773 |
|
| 700 | 1 |
_aLledó, Guillermo _972743 |
|
| 852 |
_aES-MaACL _jC-24925 _bR.53508 |
||
| 999 |
_c35837 _d35837 |
||